000
00283nam a2200097Ia 4500
082
_a
ST 530 KELD
245
0
_a
Physical sciences . Grade 11 : learner's book
100
_a
Kelder, Karin London, 2009 2nd ed.
_9
61428
942
_c
BK
008
210817s9999 xx 000 0 und d
999
_c
193406
_d
193402